Exhibition of Mexican art from pre-Columbian times to the present day, organized under the auspices of the Mexican Government (Record no. 6613)
[ view plain ]
| 000 -CABECERA | |
|---|---|
| campo de control de longitud fija | 01210nam a2200265 a 4500 |
| 001 - NÚMERO DE CONTROL | |
| campo de control | BRCA_6931 |
| 005 - FECHA Y HORA DE LA ÚLTIMA TRANSACCIÓN | |
| campo de control | 20190320205639.0 |
| 008 - DATOS DE LONGITUD FIJA--INFORMACIÓN GENERAL | |
| campo de control de longitud fija | 161111s1953----enk#######---#000-0#eng-# |
| 041 ## - CÓDIGO DE LENGUA | |
| Código de lengua del texto/banda sonora o título independiente | eng |
| 044 ## - CÓDIGO DEL PAÍS DE LA ENTIDAD EDITORA/PRODUCTORA | |
| Código MARC del país | enk |
| 050 #4 - SIGNATURA TOPOGRÁFICA DE LA BIBLIOTECA DEL CONGRESO | |
| Número de clasificación | N6550 |
| Número de documento/Ítem | .E93 |
| -- | 1953 |
| 245 10 - MENCIÓN DE TÍTULO | |
| Título | Exhibition of Mexican art from pre-Columbian times to the present day, organized under the auspices of the Mexican Government |
| Resto del título | Tate Gallery, 4 March to 26 April. |
| 260 ## - PUBLICACIÓN, DISTRIBUCIÓN, ETC. | |
| Lugar de publicación, distribución, etc. | Londres |
| Nombre del editor, distribuidor, etc. | Arts Council, |
| Fecha de publicación, distribución, etc. | 1953 |
| 300 ## - DESCRIPCIÓN FÍSICA | |
| Extensión | xxiv, 103 p. |
| Otras características físicas | il., mapas |
| Dimensiones | 22 cm. |
| 500 ## - NOTA GENERAL | |
| Nota general | Presentado conjuntamente por el Consejo de las Artes de Gran Bretaña y el gobierno mexicano, representado por el Instituto Nacional de Bellas Artes de la Secretaría de Educación Pública, con la colaboración del Instituto Nacional de Antropología e Historia y el Instituto Nacional Indigenista. |
| 500 ## - NOTA GENERAL | |
| Nota general | O153 |
| 650 14 - PUNTO DE ACCESO ADICIONAL DE MATERIA--TÉRMINO DE MATERIA | |
| Término de materia o nombre geográfico como elemento de entrada | Arte mexicano |
| Subdivisión general | Exposiciones |
| 9 (RLIN) | 2101 |
| 650 14 - PUNTO DE ACCESO ADICIONAL DE MATERIA--TÉRMINO DE MATERIA | |
| Término de materia o nombre geográfico como elemento de entrada | Galerias y Museos |
| Subdivisión general | Inglaterra |
| 9 (RLIN) | 17272 |
| 710 2# - PUNTO DE ACCESO ADICIONAL--NOMBRE DE ENTIDAD CORPORATIVA | |
| Nombre de entidad corporativa o nombre de jurisdicción como elemento de entrada | Tate Gallery |
| 9 (RLIN) | 17273 |
| 710 2# - PUNTO DE ACCESO ADICIONAL--NOMBRE DE ENTIDAD CORPORATIVA | |
| Nombre de entidad corporativa o nombre de jurisdicción como elemento de entrada | Arts Council of Great Britain |
| 9 (RLIN) | 17274 |
| 710 2# - PUNTO DE ACCESO ADICIONAL--NOMBRE DE ENTIDAD CORPORATIVA | |
| Nombre de entidad corporativa o nombre de jurisdicción como elemento de entrada | Instituto Nacional de Bellas Artes (México) |
| 9 (RLIN) | 13982 |
| 710 2# - PUNTO DE ACCESO ADICIONAL--NOMBRE DE ENTIDAD CORPORATIVA | |
| Nombre de entidad corporativa o nombre de jurisdicción como elemento de entrada | México |
| Unidad subordinada | Secretaría de Educación Pública |
| 9 (RLIN) | 17275 |
| 902 ## - CATALOGADOR | |
| Iniciales | GFM |
| 942 ## - ELEMENTOS DE PUNTO DE ACCESO ADICIONAL (KOHA) | |
| Fuente del sistema de clasificación o colocación | Library of Congress Classification |
| Tipo de ítem Koha | Libros |
| Estado de retiro | Estado de pérdida | Estado dañado | No para préstamo | Localización permanente | Ubicación/localización actual | Fecha de adquisición | Número de inventario | Total de préstamos | Signatura topográfica completa | Código de barras | Fecha visto por última vez | Precio válido a partir de | Tipo de ítem Koha |
|---|---|---|---|---|---|---|---|---|---|---|---|---|---|
| El ejemplar forma parte de la colección y puede ser consultado según las políticas vigentes. | Biblioteca del Museo Franz Mayer (Rogerio Casas-Alatriste) | Biblioteca del Museo Franz Mayer (Rogerio Casas-Alatriste) | 16/11/2011 | O153 | N6550 .E93 1953 (O153) | 7378 | 22/03/2019 | 22/03/2019 | Libros |